000 01478cam a2200397 a 4500
999 _c1906
_d1906
001 16478541
003 GZU
005 20201023101535.0
008 100927s2011 enka b 000 0 eng
010 _a 2010041488
016 7 _a015630497
_2Uk
020 _a9781845411619 (hardback : alk. paper)
020 _a1845411617 (hardback : alk. paper)
020 _a9781845411602 (pbk. : alk. paper)
020 _a1845411609 (pbk. : alk. paper)
020 _a9781845411626 (ebook)
020 _a1845411625 (ebook)
035 _a(OCoLC)ocn667213264
040 _aDLC
_cDLC
_dYDX
_dCDX
_dYDXCP
_dBWX
_dUKMGB
_dDLC
050 0 0 _aHV3022
_b.A2215 2011
082 0 0 _a910.68/4
_222
245 0 0 _aAccessible tourism :
_bconcepts and issues /
_cedited by Dimitrios Buhalis and Simon Darcy.
260 _aBristol, UK ;
_aTonawanda, NY :
_bChannel View Publications,
_cc2011.
300 _axx, 316 p. :
_bill. ;
_c24 cm.
490 1 _aAspects of tourism
504 _aIncludes bibliographical references.
650 0 _aPeople with disabilities
_xTravel.
650 0 _aTourism.
700 1 _aBuhalis, Dimitrios.
700 1 _aDarcy, Simon,
_d1964-
830 0 _aAspects of tourism.
906 _a7
_bcbc
_corignew
_d1
_eecip
_f20
_gy-gencatlg
942 _2lcc
_cBK
_h3022
_iDUH
_kHV
_m2011